000 00491nam a2200193 a 4500
001 1770381888676
003 YourLibrary
005 20260206181647.0
008 260206s1996##################000#0#eng##
020 _a9780349107295
082 0 4 _a306.0947
_bDRA
100 1 _aDrakulić, Slavenka,
_eauthor.
245 1 0 _aCafé Europa :
260 _bLittle Brown,
_c1996.
300 _a213 pages
650 0 _aEast Europeans.
942 _cENGLISH
040 _aYourLibrary
_beng
_cYourLibrary
999 _c610735
_d610735